Quizzes
Events
Quiz Creation
Community
Videos
Private Events
Remove Ads
Sign In
Join for FREE
Feedback
Dark Mode
Quiz Categories
Sports
Geography
Music
Movies
Television
Just For Fun
Miscellaneous
History
Literature
Language
Science
Gaming
Entertainment
Religion
Holiday
For Kids
Quiz Lab
Recent
Popular Today
Quiz Kudos Today
Editor Picks
Curator Picks
Quizzes by...
Day
Popularity
Type
Ratings
Length
Year
Community
Subscriptions
Recent Discussions
Orange Saloon
Badges
Playlists
Quests
Create
Leaderboards
Showdown
Live 5
Trivia Bingo
Activity
Puzzle Library
Sporcle Events
Private Events
Virtual Trivia
Globe League
Become a Host
Pub Owners
SporcleCon
Opinionation
Our Games
Videos
Blog
Mobile Apps
Partnerships
Remove Ads and Go Orange
Feedback
Holiday
Halloween
Christmas
Holiday Songs
April Fools'
Thanksgiving
Valentine's Day
Easter
St Patrick's Day
National Holiday
Religious Holiday
Holiday
Halloween
Christmas
Holiday Songs
April Fools'
Thanksgiving
Valentine's Day
Easter
St Patrick's Day
National Holiday
Religious Holiday
Random Quiz
Search Sporcle
×
Curator Pick
Curator Pick
Holiday
Christmas
Type in answers that appear in a list
Type in answers that appear in a list
Classic
Best Score? Go Orange.
A Very Crosby Christmas Stats
Can you name the these Christmas songs sung by Bing Crosby?
By
Jensen22
4m
22 Questions
217 Plays
217 Plays
217 Plays
Comments
Comments
Give Quiz Kudos
Give Quiz Kudos
-
- Ratings
hide this ad
More Info
Replay
Link that replays current quiz
Next Quiz
Link to next quiz in quiz playlist
You Got
0%
They Got
Avg Score
68%
Avg Friend Score
Upgrade to see
Score Distribution
Jump to the score distribution portion of the page
Score
0/22
Timer
04:00
0
Plays Today
Clue
Song
% Correct
White _
_
_
_
_
_
_
_
_
_
Christmas
99.5%
Silent _
_
_
_
_
_
_
_
_
_
Night
96.8%
It's _
_
_
_
_
_
_
_
_
_
_
to Look a lot Like Christmas
Beginning
88.5%
God Rest Ye Merry _
_
_
_
_
_
_
_
_
_
_
Gentlemen
84.8%
I'll Be _
_
_
_
_
_
_
_
_
_
_
for Christmas
Home
84.3%
The _
_
_
_
_
_
_
_
_
Noel
First
82.5%
You're All I _
_
_
_
_
_
_
_
_
for Christmas
Want
82%
Have Yourself a Merry _
_
_
_
_
_
_
_
Christmas
Little
80.6%
Here Comes _
_
_
_
_
_
_
_
_
_
_
_
_
_
_
_
Santa Claus
79.3%
The _
_
_
_
_
_
_
_
_
_
Days of Christmas
Twelve
78.8%
O _
_
_
_
_
_
_
_
Night
Holy
77.4%
Clue
Song
% Correct
Do You _
_
_
_
_
_
_
_
What I _
_
_
_
_
_
_
_
_
*
Hear
75.1%
We Three Kings of _
_
_
_
_
_
_
_
_
_
Are
Orient
73.7%
I Heard the _
_
_
_
_
_
_
_
_
_
_
of Christmas Day
Bells
68.2%
Faith of our _
_
_
_
_
_
_
_
_
_
_
_
Fathers
67.7%
The Christmas _
_
_
_
_
_
_
_
_
Song
62.2%
_
_
_
_
_
_
_
_
_
_
_
Fideles
Adeste
59.4%
Christmas is _
_
_
_
_
_
_
_
_
_
_
A-Comin'
50.7%
Good King _
_
_
_
_
_
_
_
_
_
_
_
Wenceslas
45.2%
That Christmas _
_
_
_
_
_
_
_
_
_
Feeling
30.4%
Christmas in _
_
_
_
_
_
_
_
_
_
_
Killarney or Dixie
28.6%
O Fir Tree _
_
_
_
_
_
_
_
_
_
_
Dark
19.4%
Quiz Playlist
Details
Report
Send in Message
Add To Playlist
More Info:
*same word
Classic:
Type in answers that appear in a list
Quiz Source
Last Updated: Aug 29, 2017
Curator Pick in
Singers
Quiz Scoreboard
CHALLENGE
Sign Up to Join the Scoreboard
Show All
Scores
Hide
Comments
May contain spoilers
Recently Published
College Basketball Coaching Resumes
by pancakes188
Sports
9m
Billboard Blitz: Fleetwood Mac
by CooCooCachoo
Music
15s
Presidents Visiting Landmarks
by Hejman
History
7m
More to Explore
Quiz From the Vault
Featured Blog Post
Where Did the Easter Bunny Come From?
hide this ad
You Might Also Like...
Tags
Christmas Quiz
Religious Holiday Quiz
Singers Quiz
Song Quiz
Bing
sung
Today's Top Quizzes in Holiday
Browse Holiday
hide this ad
Today's Top Quizzes in Christmas
Browse Christmas
Top Contributed Quizzes in Holiday
1
5-to-1: Holiday Songs
2
5-to-1: Thanksgiving
3
Easter - Did You Know?
4
Word Ladder: Four Leaf Clover
5
Show What You Know: US Federal Holidays
6
Slices of Holidays
7
3-per Word Ladder: Listen Up!
8
A 50/50 Shot: Christmas Edition
9
The Holiday Category, A to Z
10
Holidays Spelling Bee
Explore More
Trending Topics
Marvel
Kpop
NBA
Anime
Disney
Crossword
Harry Potter
Pokémon
NFL
Song
Soccer
The Office
Puzzle
Country
WWE
hide this ad
More By:
Jensen22
Quiz
Plays
Rating
Category
Featured
Created
Corny Collins Roll Call
428
Movies
Mar 14, 2011
Pop Tart Flavors: Redux
425
4.60
Miscellaneous
Oct 12, 2012
A Very Crosby Christmas
217
4.00
Holiday
Dec 5, 2012
South America: Blindfolded
134
2.00
Geography
May 30, 2012
It's in the 'Bag'
78
5.00
Miscellaneous
Oct 12, 2012
Go to Creator's Profile
Score Distribution
Quiz Creator Spotlight
Jensen22
Follow
Send a Message
Quizzes Created
-
Created Quiz Play Count
-
More By This Creator
Popular Quizzes Today
1
Find the US States - No Outlines Minefield
2
Find the Countries of Europe - No Outlines Minefield
3
The Countries of the World
4
Find the US States
5
Risky Map Clicking: Biggest States A-Z
6
US States
7
Popular People in 1961
8
Movies - When Are They Set?
More Holiday Quizzes
Summer Typing Challenge
Published
Trending Quizzes
Risky Map Clicking: Least Populous States A-Z
1-10 Letter G Words
1-10 Letter F Words
Risky Map Clicking: Next State Alphabetically
Risky Map Clicking: Biggest States A-Z
Recently Updated
Leaping Animals
pecheneg
Reality TV Shows (A-Z)
bhenderson79
Rickey Henderson's Hall of Fame Teammates
pecheneg
Champions League XIs: Arsenal
pecheneg
Quick Pick: Celebrities in WWE's Hall of Fame
aduchscher
A-Z Keypad Blitz II
pecheneg
Multiple Oscar Actors
pecheneg
Mystery Phrase Blitz: Oscar 'Best Actors'
pecheneg
F. Scott Fitzgerald Novels
LTH
Pick 3 Villains
ddd62291
Trending Topics
Kpop
Marvel
Disney
Harry Potter
Crossword
NBA
Anime
The Office
Pokémon
Puzzle
NFL
WWE
Song
Country
Soccer
Your Account Isn't Verified!
In order to create a playlist on Sporcle, you need to verify the email address you used during registration. Go to your
Sporcle Settings
to finish the process.
Report this User
Report this user for behavior that violates our
Community Guidelines
.
Details:
Send Report
Go to the Sporcle.com Mobile Site →
Comments